A century of banking in Latin America, to commemorate the centenary in 1962 of the Bank of London & South America Limited

Guardat en:
Dades bibliogràfiques
Autor principal: Joslin, David (Autor)
Format: Llibre
Idioma:anglès
Publicat: Londres Oxford University Press 1963
Matèries:
Etiquetes: Afegir etiqueta
Sense etiquetes, Sigues el primer a etiquetar aquest registre!

MARC

LEADER 00000nam a2200000 a 4500
001 UCR8017
003 CL-VaPUC
008 980519e19630000UK |||||||||||||||||eng|d
082 0 4 |a 332.1  |b JOS  |2 21 
100 0 |a Joslin, David  |e author  |9 409640 
245 1 2 |a A century of banking in Latin America, to commemorate the centenary in 1962 of the Bank of London & South America Limited 
300 |a 307 p 
942 |c BK 
945 |d 19980519 00:00:00  |a crobeson 
260 |a Londres  |b Oxford University Press  |c 1963 
650 0 |a Bancos  |9 254963 
650 7 |a INSTITUCIONES FINANCIERAS  |2 CL-VaPUC  |9 257940 
650 0 |a Historia económica  |9 307218 
651 0 |a Latinoamérica  |9 316393 
583 |a last modification  |c 19980519 00:00:00  |k Rodrigo Vera 
999 |c 269587  |d 269585